Taylor Swift mystery lyrics #72 - Statistics

General Stats
  • This quiz has been taken 66 times
  • The average score is 132 of 228
Answer Stats
Answer % Correct
I
100%
you
98%
You
98%
a
96%
the
96%
your
96%
we
92%
We
92%
and
90%
And
90%
you're
88%
I'll
86%
it
86%
It
86%
of
86%
to
86%
when
86%
When
86%
be
82%
do
82%
in
82%
that
82%
was
82%
So
80%
they
80%
They
80%
We're
80%
we're
80%
what
80%
it's
78%
It's
78%
see
78%
this
78%
us
76%
But
73%
but
73%
say
71%
all
69%
Can
69%
can
69%
don't
69%
for
69%
now
69%
up
69%
will
67%
know
65%
'cause
63%
oh
63%
off
61%
win
61%
never
59%
our
59%
time
59%
been
57%
down
57%
these
55%
These
55%
come
53%
feel
51%
Well
51%
we'll
51%
We'll
51%
things
49%
because
47%
back
45%
get
45%
night
43%
something
43%
again
41%
anything
41%
change
41%
eyes
41%
put
39%
we've
39%
long
37%
there's
37%
wanted
37%
gave
35%
same
35%
fight
33%
Fight
33%
hold
33%
need
33%
sad
33%
says
33%
through
33%
walls
33%
away
31%
beat
31%
fall
31%
final
31%
hands
31%
lives
31%
believe
29%
else
29%
finally
29%
revolution
29%
sing
29%
stand
29%
changed
27%
hallelujah
27%
Hallelujah
27%
Tonight
27%
tonight
27%
battle
24%
blow
24%
fell
24%
find
24%
gets
24%
whatever
24%
years
24%
getting
22%
hits
22%
might
22%
picture
22%
sick
22%
Somebody
22%
ain't
20%
found
20%
place
20%
stronger
20%
throw
20%
bigger
18%
champions
18%
hard
18%
history
18%
knees
18%
outnumbered
18%
Repeating
18%
sang
18%
scared
18%
walk
18%
another
16%
cornered
16%
fair
16%
faster
14%
worked
14%
raided
6%
No matching quizzes found
Score Distribution
Percent of People with Each Score
Percentile by Number Answered
Your Score History
You have not taken this quiz